000 00319nam a22001217a 4500
999 _c15666
_d15666
003 OSt
008 190524b ||||| |||| 00| 0 eng d
082 _a001.076
245 _aKerala Administrative Service Super Rank File(KAS)
260 _aThiruvananthapuram
_bBrilliance College
_c2017
300 _a1280 p.
942 _cBK